Membres du gouvernement Attal - Statistiques

Statistiques générales
  • Ce quiz a été pris 72 fois
  • Le résultat moyen est 9 sur 14
Statistiques - réponses
Hint Réponse % Correct
Premier Ministre Gabriel Attal
98%
Ministère des Sports et des Jeux olympiques et paralympiques Amélie Oudéa-Castéra
87%
Ministère de l'Économie, des Finances et de la Souveraineté industrielle et numérique Bruno Le Maire
87%
Ministère de l'Intérieur et des Outre-mer Gérald Darmanin
87%
Ministère de la Culture Rachida Dati
85%
Ministère de la Justice Éric Dupond-Moretti
68%
Ministère de l'Europe et des Affaires étrangères Stéphane Séjourné
68%
Ministère des Armées Sébastien Lecornu
66%
Ministère de l'Éducation nationale et de la Jeunesse Nicole Belloubet
62%
Ministère de l'Agriculture et de la Souveraineté alimentaire Marc Fesneau
53%
Ministère du Travail, de la Santé et des Solidarités Catherine Vautrin
47%
Ministère de l'Enseignement supérieur et de la Recherche Sylvie Retailleau
45%
Ministère de la Transition écologique et de la Cohésion des territoires Christophe Béchu
40%
Ministère de la Transformation et de la Fonction publiques Stanislas Guerini
40%
Aucun quiz correspondant
Distribution des résultats
% des personnes avec chaque résultat
Percentile par nombre de réponses
Votre historique - résultats
Vous n’avez pas pris ce quiz